| 000 | 00362cam a2200145ua 4500 | ||
|---|---|---|---|
| 041 |
_amal _h |
||
| 082 |
_a894.8122 _bMOH/VE |
||
| 100 | _aMohamed, K,T . | ||
| 245 |
_aVelicham Vilakkaanushikkunnu / _cMohamed K.T. _hTextual Documents |
||
| 260 |
_aThrissur : _bCurrent Books , _c1963. |
||
| 300 | _a65 ; . | ||
| 504 | _a | ||
| 942 | _cBK | ||
| 999 |
_c12374 _d12374 |
||